LEADER 01013nam a2200241 i 4500 001 000000252487 003 CaOOAMICUS 005 20170111000000.0 008 170111s1952 it u000 u ita u 013 $a231392 040 $aSeMil$bita 100 1 $aSpiazzi, Raimondo,$c.$0(OLS)http://semarc/name/89725 245 13$aIl dogma dell'Assunzione e il mondo contemporaneo /$cRaimondo Spiazzi. 260 $aRoma :$bAngelo Belardetti,$c1952. 300 $a158 p. ;$c25 cm. 490 0 $aStudi mariani ;$v6. 650 4$aMadonna - Assunzione.$0(OLS)http://semarc/subject/4528 830 0$aStudi mariani ;$v6.$0(OLS)http://semarc/title/37686 850 $aSeMil 852 $aSeMil$W1$xVenegono$y1$m2L V 141$j234538$B202833$CSeMilBibl$Z2$F217200 $81 961 $aOmaggio: Grampa dott. Cesare 996 $6245$aIl dogma dell'Assunzione e il mondo contemporaneo$9(OLS)http://semarc/title/409972 996 $6260$aRoma :$bAngelo Belardetti$9(OLS)http://semarc/publisher/32664 LEADER 01215nam a2200217 i 4500 001 000000020075 003 CaOOAMICUS 005 20180830125444.0 008 180830s1913 it u000 u ita u 040 $aSeMil$bita 100 1 $aWulf, Maurice : de <1867-1947>.$0(OLS)http://semarc/name/515 245 10$aStoria della filosofia medioevale /$cMaurizio De Wulf ; prima traduzione italiana del sac. Alfredo Baldi dalla 4. ed. francese riveduta, emendata e accresciuta dall'Autore. 260 $aFirenze :$bLibreria editrice fiorentina,$c1913. 300 $a2 v. ;$c23 cm. 650 4$aFilosofia medievale - Storia.$0(OLS)http://semarc/subject/392 700 1 $aBaldi, Alfredo,$d.$0(OLS)http://semarc/name/8986 773 0 $tBiblioteca della Rivista di filosofia neo-scolastica. Ser. A.$dFirenze : Libreria editrice fiorentina, [191.]$w()20074 774 0 $tVolume 1.$kBiblioteca della Rivista di filosofia neo-scolastica. Ser. A$w()250440 774 0 $tVolume 2.$kBiblioteca della Rivista di filosofia neo-scolastica. Ser. A$w()250442 996 $6245$aStoria della filosofia medioevale$9(OLS)http://semarc/title/26433 996 $6260$aFirenze :$bLibreria editrice fiorentina$9(OLS)http://semarc/publisher/29690